Statistics for American actors and actresses – guess the stage name

Click here to take the quiz!

General Stats

  • This quiz has been taken 53 times
  • The average score is 9 of 20

Answer Stats

"Real" nameDate/sInitialsStage name% Correct
Norma Jeane Mortenson1926-1962MMMarilyn Monroe
91%
Archibald Alexander Leach1904-1986CGCary Grant
77%
Issur Danielovitch Demskyb.1916KDKirk Douglas
65%
Ramón Antonio Gerard Estévezb.1940MSMartin Sheen
60%
Allen Stewart Konigsbergb.1935WAWoody Allen
60%
Marion Robert Morrison1907-1979JWJohn Wayne
58%
Frances Ethel Gumm1922-1967JGJudy Garland
51%
Lucille Fay LeSueurc.1904-1977JCJoan Crawford
49%
Caryn Elaine Johnsonb.1955WGWhoopi Goldberg
49%
Virginia Katherine McMath1911-1995GRGinger Rogers
35%
Betty Joan Perske1924-2014LBLauren Bacall
35%
Alphonso Joseph d’Abruzzob.1935AAAlan Alda
33%
Joseph Yule, Jr.1920-2014MRMickey Rooney
33%
Margaret Mary Emily Anne Hyrab.1961MRMeg Ryan
30%
Joyce Penelope Wilhelmina Frankenbergb.1951 (UK)JSJane Seymour
28%
Roy Harold Scherer, Jr.1925-1985RHRock Hudson
26%
Bernard Herschel Schwartz1925-2010TCTony Curtis
26%
Jerome Silberman1933-2016GWGene Wilder
23%
Mary Cathleen Collinsb.1956BDBo Derek
21%
Tula Ellice Finklea1922-2008CCCyd Charisse
12%

Score Distribution

Percentile by Number Answered

Percent of People with Each Score

Your Score History

You have not taken this quiz